<?xml version="1.0" encoding="UTF-8"?>
<record
    xmlns:xsi="http://www.w3.org/2001/XMLSchema-instance"
    xsi:schemaLocation="http://www.loc.gov/MARC21/slim http://www.loc.gov/standards/marcxml/schema/MARC21slim.xsd"
    xmlns="http://www.loc.gov/MARC21/slim">

  <leader>00367nam a2200157Ia 4500</leader>
  <datafield tag="100" ind1=" " ind2=" ">
    <subfield code="a">Mckay/L.R </subfield>
  </datafield>
  <datafield tag="650" ind1=" " ind2=" ">
    <subfield code="a">Communication</subfield>
  </datafield>
  <datafield tag="942" ind1=" " ind2=" ">
    <subfield code="c">RB</subfield>
  </datafield>
  <datafield tag="366" ind1=" " ind2=" ">
    <subfield code="f">20</subfield>
  </datafield>
  <datafield tag="245" ind1=" " ind2=" ">
    <subfield code="a">What every engineer should know about electronic communication system</subfield>
  </datafield>
  <datafield tag="260" ind1=" " ind2=" ">
    <subfield code="b">Marcel Dekker</subfield>
    <subfield code="c">1989</subfield>
  </datafield>
  <datafield tag="082" ind1=" " ind2=" ">
    <subfield code="a">621.38</subfield>
    <subfield code="b">MCK</subfield>
  </datafield>
  <datafield tag="300" ind1=" " ind2=" ">
    <subfield code="a">250</subfield>
  </datafield>
  <datafield tag="546" ind1=" " ind2=" ">
    <subfield code="a">ENGLISH</subfield>
    <subfield code="c">TTL</subfield>
  </datafield>
  <datafield tag="999" ind1=" " ind2=" ">
    <subfield code="c">18765</subfield>
    <subfield code="d">18765</subfield>
  </datafield>
  <datafield tag="952" ind1=" " ind2=" ">
    <subfield code="0">0</subfield>
    <subfield code="1">0</subfield>
    <subfield code="4">0</subfield>
    <subfield code="7">0</subfield>
    <subfield code="8">CRC</subfield>
    <subfield code="a">CRCE</subfield>
    <subfield code="b">CRCE</subfield>
    <subfield code="d">2023-03-17</subfield>
    <subfield code="e">Book Base</subfield>
    <subfield code="g">2464.80</subfield>
    <subfield code="i">10813 dt 26/04/2011</subfield>
    <subfield code="l">0</subfield>
    <subfield code="o">621.38 MCK</subfield>
    <subfield code="p">21647</subfield>
    <subfield code="r">2023-03-17</subfield>
    <subfield code="v">3081.00</subfield>
    <subfield code="w">0000-00-00</subfield>
    <subfield code="y">RB</subfield>
  </datafield>
</record>
